[Event "Ordzhonikidze zt 1.9"]
[Site "Ordzhonikidze"]
[Date "2000.06.10"]
[Round "2"]
[White "Onischuk, Alexander"]
[Black "Sulypa, Oleksandr"]
[Result "1-0"]
[WhiteElo "2637"]
[BlackElo "2449"]
[Annotator "Ribli,Z"]
[PlyCount "59"]
[EventDate "2000.06.09"]
[EventType "swiss"]
[EventRounds "9"]
[EventCountry "UKR"]
[SourceTitle "CBM 078"]
[Source "ChessBase"]
[SourceDate "2000.10.18"]
[SourceVersion "1"]
[SourceVersionDate "2000.10.18"]
[SourceQuality "1"]

1. c4 e5 2. Nc3 Nf6 3. Nf3 Nc6 4. e3 {Diese Fortsetzung ist heutzutage populär,
früher wurde sie relativ selten gespielt. Die Alternativen sind 4.g3 und 4.d4.}
Bb4 (4... Be7) 5. Qc2 Bxc3 6. Qxc3 Qe7 7. a3 d5 {Weiß hat das Läuferpaar, und
Schwarz öffnet die Stellung. Die Erklärung hierfür lautet: Schwarz hat
Entwicklungsvorteil, weil Weiß mit der Dame ein paar Tempi verloren hat.} 8.
cxd5 (8. d4 Nxd4 $5 (8... exd4 9. Nxd4) 9. Nxd4 exd4 10. Qxd4 c5 11. Qh4 dxc4
12. Bxc4 O-O 13. O-O Be6 $11) 8... Nxd5 9. Qb3 (9. Qc2 e4 $1 10. Bb5 (10. Ng1
O-O 11. b4 Bf5 12. Bb2 Rfd8 13. Nf3 Bg6 14. Nd4 Ne5 15. Qb3 a5 16. b5 c5 {
0-1 Schmittdiel,E-Kraut,R/BL9697 Bochum-Duisburg 1997 (22)}) 10... exf3 11.
Bxc6+ bxc6 12. Qxc6+ Qd7 13. Qxa8 fxg2 $44 {Bagirov/}) 9... Nb6 {Weiß hat das
Läuferpaar, aber der Bc1 kann ihn mit Stolz erfüllen. Zudem muss er den
Vorstoß e5-e4 verhindern.} 10. d3 a5 {Eine gute Idee - Schwarz gewinnt Raum am
Damenflügel.} (10... Bg4 11. Be2 O-O (11... O-O-O 12. Qc2 f5 13. b4 a6 14. Bb2
Kb8 15. Rc1 e4 16. dxe4 fxe4 17. Nd4 Nxd4 18. Bxd4 Bxe2 19. Qxe2 $14 {0-1
Cifuentes Parada,R-Van der Sterren,P/Rotterdam 1997/CBM 60/[Ribli] (50)}) 12.
h3 Bh5 13. g4 $5 Bg6 14. e4 Kh8 15. Be3 Rfd8 16. Qc2 a5 17. h4 $1 h5 18. gxh5
Bxh5 19. Ng5 Bg6 20. h5 Bh7 21. Rc1 $14 {1-0 Rivas Pastor,M-Kortschnoj,V/
Salamanca 1991/CBM 23/[Ribli] (36)}) 11. Bd2 a4 12. Qb5 (12. Qc2 O-O (12... Be6
13. Rc1 Bb3 14. Qc5 Qxc5 15. Rxc5 f6 16. g4 O-O-O 17. Rg1 Rd6 18. h4 Rhd8 19.
h5 e4 20. dxe4 Nd7 21. Rxc6 bxc6 22. Nd4 Ne5 23. Be2 c5 24. Nxb3 axb3 25. Bc3
h6 26. f4 Nd3+ 27. Bxd3 Rxd3 28. Ke2 c4 29. Rc1 Re8 30. e5 c5 31. Bd4 {1-0 Van
Wely,L-Rublevsky,S/Frankfurt GER 2000/The Week in Chess 294 (53)}) 13. Rc1 (13.
Be2 $5) 13... Rd8 $1 14. Be2 Bf5 15. O-O $6 (15. e4 $142 Bg4 16. Qc5 Rd6 $11 {
Ubilava-Yakovich, Oviedo 1991}) 15... e4 (15... Rd6 16. e4 Bg4 17. Be3 Nd7 18.
Ne1 Bxe2 19. Qxe2 Qd8 20. f4 f6 21. Qf2 exf4 22. Bxf4 Nde5 23. Bxe5 fxe5 24.
Qc5 Kh8 25. Qb5 Nd4 {0-1 Morris,C-Komarov,D/Sremic Krsko 1998/EXT 99 (25)}) 16.
dxe4 Bxe4 17. Qc3 Rd5 18. Rfe1 Raa5 $1 {/\ 19...Rac5} 19. b4 $8 axb3 20. Nd4
Rxa3 21. f3 Bg6 $2 (21... Bc2 $1 22. Nxc2 Na4 $1 23. Qc4 Rxd2 24. Nxa3 Qxa3 $19
{Makarichev/}) 22. Nxc6 bxc6 23. e4 Rd8 24. Rcd1 $1 $44 Qe6 $4 (24... Ra2) (
24... f6) 25. Bh6 $1 {1-0 Lerner,K-Makarichev,S/Frunze 1979/MCL/[Moiseev] (25)}
) 12... O-O {Dieser automatische Zug ist nicht die einzige Möglichkeit für
Schwarz.} (12... Bd7 $5 13. Rc1 f6 (13... Nd4 $2 14. Qc5 Nxf3+ 15. gxf3 $16)
14. Qc5 Qxc5 15. Rxc5 O-O-O $1 $10 {Xu Jun-Hjartarson,J/Luzern/1993/1/2-1/2/59/
}) 13. Rc1 {[%cal Gc1c7]} Rd8 $13 {Weiß hat das Läuferpaar und positionellen
Druck am Damenflügel, aber die schwarze Stellung ist solide.} 14. Qc5 Qe8 (
14... Qf6 $5) (14... Qe6 $5) 15. Be2 Bf5 (15... Bg4) 16. e4 (16. d4 $2 Rd5 $19)
16... Bg4 $15 {[%csl Yd4] Der Punkt d4 ist geschächt, und der Pd3 schwach.
Schwarz kann mit dem Ergebnis der Eröffnung zufrieden sein.} 17. Bc3 f6 (17...
Bxf3 18. gxf3 (18. Bxf3 Rxd3 $19) 18... Nd7 $15 {[%cal Gd7f8,Gf8g6,Gg6f4,Gf8e6,
Ge6d4]}) 18. O-O Bxf3 19. Bxf3 {Weiß gibt die Verteidigung des Pd3 auf - das
ist deutlich besser als 19.gxf3, wodurch er seine Bauernstruktur "auf ewig"
schwächen würde.} (19. gxf3 Qh5 $15 (19... Qg6+ 20. Kh1 Qh5)) 19... Rxd3 20.
Be2 Rd6 21. f4 {Natürlich möchte Weiß die Stellung öffnen.} exf4 (21... Rc8 22.
fxe5 Nxe5 23. Bxe5 Qxe5 24. Qxe5 fxe5 25. Bg4 Nd7 $2 (25... Rcd8 $15) 26. Rcd1
Rd8 27. Rxd6 cxd6 28. Be6+ Kh8 29. Bxd7 $18) 22. Rxf4 Rad8 23. Rcf1 R8d7 (23...
Re6) 24. Bb5 {[%cal Gb5e8]} (24. Bc4+ Nxc4 (24... Kh8 25. e5 $36) 25. Qxc4+ Kh8
26. Qxa4 Nd4 $15) 24... h6 {[#]} 25. e5 $5 $44 {[%mdl 64] Dieser Zug führt zu
großen Komplikationen, in denen auch Weiß seine Chancen erhält.} Rd5 (25...
fxe5 $2 26. Rf8+ Qxf8 27. Rxf8+ Kxf8 28. Bxc6 bxc6 29. Bxe5 Kg8 30. Bxd6 Rxd6
31. Qa5 $16 {Weiß hat Materialvorteil, und auch wenn die Verwertung noch nicht
leicht fallen mag, droht nun Qa7 und Qb7.}) 26. Qf2 Rxb5 $2 {Schwarz ist zu
optimistisch. Durch diesen Zug verliert sein Königsflügel jegliche
Verteidigung.} (26... Nxe5 $5 27. Bxd7 Qxd7 28. Re4 Nbc4 $13) 27. exf6 {
[%csl Rg8][%mdl 128]} Rf7 (27... Nd8 28. Re1 Ne6 29. fxg7 Rd8 30. Rf6 $18) (
27... Qg6 28. fxg7 Rxg7 (28... Ne5 29. Bxe5 Rxe5 30. Rf6 Qg5 31. Rg6 $18) 29.
Bxg7 $18) 28. fxg7 $18 Nd8 29. Re1 Qd7 30. Rfe4 $1 {Nach diesem schönen Zug
kann Schwarz die verschiedenen Drohungen nicht mehr verteidigen.} (30. Rfe4
Rxg7 (30... Rxf2 31. Re8+ $18) 31. Re8+ Kh7 32. Bxg7 $18) 1-0

[Event "Degremont GP"]
[Site "Clichy"]
[Date "2004.03.13"]
[Round "1.1"]
[White "Bauer, Christian"]
[Black "Stefanova, Antoaneta"]
[Result "1-0"]
[WhiteElo "2599"]
[BlackElo "2478"]
[Annotator "Ribli,Z"]
[PlyCount "139"]
[EventDate "2004.03.13"]
[EventType "k.o."]
[EventRounds "3"]
[EventCountry "FRA"]
[SourceTitle "CBM 100"]
[Source "ChessBase"]
[SourceDate "2004.06.01"]
[SourceVersion "1"]
[SourceVersionDate "2004.06.01"]
[SourceQuality "1"]

1. c4 Nf6 2. Nc3 e5 3. Nf3 Nc6 4. d3 {Das ist eine genügsame Fortsetzung - mit
seinen viel besseren Elo-Punkten möchte Weiß die theoretischen Hauptvarianten
vermeiden. Die Alternativen sind - 4.d4, 4.e3, 4.a3, 4.e4 und hauptsächlich 4.
g3.} Bb4 5. Bd2 d5 {Dieser Zug scheint mir ein wenig zu früh. Nach meiner
Meinung wäre es besser zuerst zu rochieren, Re8 zu spielen und nur später nach
Bxc3 den Zug d7-d5 durchzuführen.} (5... O-O 6. g3 (6. e3 Re8 7. Be2 Bxc3 8.
Bxc3 d5 $11) 6... Re8 7. Bg2 Bxc3 8. Bxc3 d5 $11) 6. cxd5 Nxd5 7. g3 O-O {
Dieser Zug ist schablonenhaft - es wäre besser, zuerst mit 7...f6 die
Fortsetzung 8...Be6 vorzubereiten.} (7... f6 8. Bg2 Be6 9. O-O Qd7) 8. Bg2 Be6
9. Ng5 $1 {[%csl Re6,Gg5][%mdl 4] Nach diesem Zug hat Schwarz nichts Besseres,
als das weiße Bauernopfer anzunehmen und mit schlechter Bauernstruktur
weiterzuspielen.} Nxc3 10. bxc3 Bxc3 11. Nxe6 Bxd2+ 12. Qxd2 fxe6 13. Rb1 Rb8 (
13... Qd6 14. Rxb7 Rab8 15. Rxb8 Rxb8 16. O-O Nd4 17. e3 Qb4 18. Qd1 Nf5 19.
Qc2 Qd6 20. Rc1 a5 21. Be4 {1-0 Bricard,E-Reuss,A/BL 0304 SCA St Ingbert -
Stuttgarter Sf 2004 (25)}) 14. O-O Qd6 15. Rfc1 $44 {[%cal Gg2b7,Gb1b8,Gc1c7]
Weiß hat spürbaren positionellen Druck am Damenflügel, was ihm ausreichende
Kompensation für den Bauern gibt.} Nd4 $1 {Schwarz gibt den Bauern zurück, um
aktives Gegenspiel zu finden.} (15... Rfc8 16. Qe3 $44 (16. Be4 $44)) 16. Bxb7
c6 17. Ba6 e4 (17... Rb6 18. Bc4 Rfb8 $11) 18. Qe3 c5 19. Bc4 exd3 20. Qxd3 Rb6
(20... Qc6 $142 $1 21. Rxb8 Rxb8 22. Qa3 $14) 21. Qe4 $1 $14 {[%csl Gc4,Ge4]
Die weiße Dame steht gut zentralisiert auf e4 und der c4B steht auch stark. Im
folgenden muss Schwarz früher oder später mit e2-e3 rechnen und der d4N muss
in diesem Fall weichen.} Kh8 22. Kg2 e5 23. Rf1 (23. e3 Nf3 $132) 23... g6 24.
h4 $1 {[%cal Gh4h5] Weiß bringt neue Kraft ins Spiel - im folgenden muss
Schwarz immer mit h4-h5 rechnen.} Rb4 25. Rxb4 cxb4 26. Bd3 {[%cal Gd3h7]} a5
27. h5 Kg7 28. Rc1 {[%cal Gc1c8]} a4 29. Rc4 {[%cal Gc4a4] Jetzt ist die weiße
Drohung 30.hxg6 hxg6 31.Rxb4 und im Falle von 31...Qxb4 kommt 32.Qxg6+ und 33.
Qh7#.} Rf7 (29... Qf6 30. f3 $16 (30. f4 $5)) 30. hxg6 hxg6 31. f4 $1 {[%csl
Rd4] Die früher starke d4-Springerstellung ist jetzt schlecht, Schwarz
verliert einen Bauern.} Nf5 32. fxe5 (32. Rxb4 Ne3+ 33. Kg1 exf4 34. gxf4 $16)
32... Qb6 {[%cal Rf5e3,Re3g2,Re3c4]} 33. Rc6 $1 (33. Rxb4 Ne3+ 34. Kh3 Qe6+ 35.
g4 Nd5 $132 {[%csl Rh3][%cal Rd5f4,Rf4h3,Rd5b4]} 36. Rxa4 Nc3 37. Qxg6+ Qxg6
38. Bxg6 Kxg6 $11) 33... Qd8 (33... Ne3+ $2 34. Kh3 $18) 34. e6 $16 Qg5 35.
Qe5+ (35. exf7 Qxg3+ 36. Kh1 (36. Kf1 Ne3+ 37. Qxe3 Qxe3 $17) 36... Qe1+ 37.
Kg2 Qg3+ $11) 35... Rf6 (35... Qf6 36. Qxf6+ Rxf6 37. Kh3 $16) 36. Bxf5 Qxf5 (
36... gxf5 $2 37. e7 $18) 37. Rc7+ Kh6 38. Qxf5 Rxf5 {[%mdl 4096] Im
Turmendspiel hat Weiß einen Bauern mehr, aber das Material ist reduziert, so
dass Schwarz Remischancen behält.} (38... gxf5 $2 39. e7 Re6 40. Rc6 $18 {
[%cal Rc6h6]}) 39. Rb7 (39. e7 Re5 40. Kf3 $16) 39... Re5 40. Kf3 b3 41. axb3
axb3 42. Rxb3 Rxe6 43. e4 Kg5 44. Rb5+ Kf6 45. Kf4 g5+ (45... Ra6 46. g4 $16 {
[%cal Gg4g5]}) 46. Kf3 (46. Rxg5 $2 Rxe4+ $11) 46... Ra6 $2 {Nach diesem Zug
verliert Schwarz den g5-Bauern.} (46... Re8 $142 $16) 47. Rf5+ Kg6 48. Kg4 {
[%csl Rg5]} Ra4 49. Rxg5+ $18 {Mit zwei Bauern mehr gewinnt Weiß leicht.
Dieses Endspiel mit e- und g-Bauern unterscheidet sich erheblich von der
Endspielstellung mit f- und h-Bauern im Turmendspiel. Hier hat Schwarz viel
weniger Remischancen.} Kf6 50. Rf5+ Ke6 51. Kf4 Ra1 52. Rb5 Rf1+ 53. Kg5 Re1
54. Rb4 Ke5 55. g4 Rg1 56. Ra4 Rg2 57. Rb4 Rg1 58. Rb8 $1 Kxe4 59. Rf8 {
[%csl Re4][%cal Rf8f1] Der schwarze König ist abgeschnnitten, Weiß gewinnt
leicht mit dem g-Bauern.} (59. Re8+ Kf3 60. Rf8+ $18) 59... Ke5 60. Re8+ Kd6
61. Kh5 Kd7 62. Re3 Rd1 63. g5 Rd6 64. g6 Rd1 65. Kh6 Rg1 66. g7 Kd6 67. Kh7
Rh1+ 68. Kg8 Rg1 69. Rh3 {Mit diesem Zug bereitet Weiß den Zug 70.Kh8 oder 70.
Kh7 vor, wonach Schwarz keine Schachmöglichkeit auf der h-Linie hat.} Ra1 70.
Kh8 1-0

[Event "Dubai op"]
[Site "Dubai"]
[Date "2001.04.19"]
[Round "5"]
[White "Vakhidov, Tahir"]
[Black "Sorokin, Maxim"]
[Result "0-1"]
[WhiteElo "2468"]
[BlackElo "2538"]
[Annotator "Ribli,Z"]
[PlyCount "212"]
[EventDate "2001.04.15"]
[EventType "swiss"]
[EventRounds "9"]
[EventCountry "UAE"]
[SourceTitle "CBM 083"]
[Source "ChessBase"]
[SourceDate "2001.07.05"]
[SourceVersion "1"]
[SourceVersionDate "2001.07.05"]
[SourceQuality "1"]

1. c4 e5 2. Nc3 Nf6 3. Nf3 Nc6 4. d4 exd4 5. Nxd4 Bb4 6. Bg5 h6 {Dieser Zug
ist die Hauptfortsetzung.} 7. Bh4 Bxc3+ (7... Ne5) 8. bxc3 O-O {Die schwarze
Bauernstruktur ist viel besser, aber die Fesslung des Nf6 ist unangenehm.} (
8... Ne5 $5) 9. f3 {Dieser Zug ist meines Erachtens zu optimistisch. Ich denke,
Weiß täte besser daran, die Entwicklung seines Königsflügels mit 9.e3 10.Be2
zu beenden.} (9. e3 Ne5 (9... Re8 10. Be2 d6 $6 (10... Ne5 $5) 11. Nxc6 $1 bxc6
12. Bf3 Bd7 13. c5 $1 d5 14. O-O Bf5 15. c4 g5 16. Bg3 $14 {1/2-1/2 Kortschnoj,
V-Piket,J/Wijk aan Zee 1997/CBM 57/[Ribli] (47)}) (9... d6 10. Nxc6 bxc6 11.
Bd3 Qe7 12. O-O {1/2-1/2 Shchekachev,A-Farago,I/Seefeld 1999/EXT 2001 (12)})
10. Nb5 (10. Qc2 d6 11. Be2 Ng6 12. Bg3 Qe7 13. Rb1 Ne4 14. Bf3 Nxg3 15. hxg3
c6 16. O-O Ne5 17. Be2 Rd8 18. Rfd1 {1/2-1/2 Kovacevic,B-Shariyazdanov,A/Pula
2000/CBM 78 ext (49)}) 10... Ng6 11. Bxf6 Qxf6 12. Qd4 Qd8 13. Qc5 c6 14. Nd6
b6 15. Qd4 c5 16. Qd5 Qf6 17. Rc1 Ba6 18. Be2 Ne7 19. Qd3 Nc8 20. Nb5 Bb7 {
0-1 Wu Wenjin-Anastasian,A/Istanbul 2000/EXT 2001 (49)}) (9. Nxc6 $6 dxc6 10.
Qd4 $5 (10. Qxd8 Rxd8 11. f3 Be6 12. e4 c5 $5 13. g4 Rd7 14. Rd1 Rxd1+ 15. Kxd1
Nd7 $15 {0-1 Chernyshov,K-Rublevsky,S/Smolensk 2000/CBM 77/[Ribli] (44)}) 10...
Qe7 11. Bxf6 gxf6 12. Qf4 Qe5 13. Qg3+ Kh7 14. Qxe5 fxe5 15. O-O-O Be6 16. e3
Rad8 17. Rxd8 Rxd8 18. Be2 {1/2-1/2 Nielsen,P-Yakovich,Y/Gistrup 1996/CBM 55 
(37)}) 9... Re8 (9... Ne5 10. e4 Ng6 11. Bf2 Re8 (11... d6 12. Be2 Re8 13. O-O
Bd7 14. Re1 b6 15. Bf1 Ne5 {1/2-1/2 Gheorghiu,F-Sosonko,G/Surakarta 1982/MCD 
(15)}) 12. Qd2 c6 13. Be2 d5 14. exd5 cxd5 15. O-O dxc4 16. Bxc4 Qc7 17. Bb3
Bd7 18. Rfe1 Rac8 19. Rxe8+ Nxe8 20. Ne2 b6 21. Bd4 Bb5 22. Re1 Bc4 {1/2-1/2
Gasthofer,V-Sotnikov,I/Pardubice 1997/CBM 59 ext (22)}) 10. Bf2 {Damit befreit
Weiß seinen Gegner von der unangenehmen Fesslung des Nf6.} Ne5 11. e4 d6 {
Weiß hat das Läuferpaar und Raumvorteil, aber sein Doppelbauer auf der c-Linie
bleibt immer eine Schwäche.} (11... d5 12. cxd5 Nxd5 13. Qd2 Qf6 14. Bg3 Nb6
15. Be2 Be6 16. Qf4 Qxf4 17. Bxf4 Bc4 {1/2-1/2 Nuesken,F-Kubart,E/Schwerin
1951/EXT 2000 (47)}) 12. Be2 Nfd7 {[%cal Gd7b6,Gd7c5][%mdl 32] Die
positionelle Drohung von Schwarz ist 13...Nb6 oder 13...Nc5 mit guter
Blockadestellung.} (12... b6 $15) 13. Nc2 Nb6 14. Bxb6 axb6 $15 {[%csl Ge5]
Schwarz hat die viel bessere Bauernstruktur, Weiß hingegen darf sich nur sehr
geringe Hoffnungen auf aktives Spiel machen.} 15. O-O f5 $5 (15... Be6 16. f4
Nc6 (16... Nxc4 $6 17. f5 Nb2 18. fxe6 Nxd1 19. exf7+ Kh8 20. fxe8=Q+ Qxe8 21.
Raxd1 Qxe4 $13) 17. Ne3 $15) (15... Nd7 $15 {[%cal Gd7c5]}) 16. exf5 Bxf5 {
[%csl Ge5]} 17. Nd4 Qf6 (17... Bd7 $15) 18. Nxf5 Qxf5 19. Qd5+ Qf7 (19... Kh8
$6 20. f4 c6 21. Qxd6 Nf7 22. Qd2 Rad8 $44) 20. Qxb7 (20. f4 $5) 20... Nxc4 21.
Qc6 Na5 (21... Ne5 $15) 22. Qb5 Re5 23. Qb2 Qf4 {Die Stellung ist immer
vorteilhaft für Schwarz. Inzwischen konnte sich Weiß aber zumindest schon von
seinem Pc4 befreien.} 24. g3 {Weiß möchte anschließend f3-f4 ziehen und etwas
Gegenspiel entwickeln.} Qe3+ 25. Rf2 Kh8 (25... Rc5 26. Rc1 Nc6 $15) 26. Kg2
Rc5 27. Rc1 Nc6 {Die positionelle Drohung von Schwarz ist 28...Ne5, in einigen
Varianten muss Weiß aber auch mit Nd4 rechnen.} 28. Rc2 Ne5 (28... Rca5 29. Qb3
Ne5 $15) 29. Qb4 Rf8 (29... Nd3 30. Bxd3 Qxd3 31. Qd4 (31. Qe4 Qxe4 32. fxe4
Re8 $15 (32... Ra4 $15)) 31... Qg6 $15) 30. f4 g5 $6 {Dieser Zug ist riskant
und ermöglicht Weiß etwas Gegenspiel, da er die schwarze Königsstellung
schwächt.} (30... Nd3 $5 31. Bxd3 Qxd3 $15) 31. f5 Kg7 (31... Rf6 $15) 32. Bb5
Nc4 (32... Rxb5 33. Qxb5 Qe4+ 34. Kg1 (34. Kf1 Ng4 (34... Nd3)) 34... Nf3+ 35.
Rxf3 Qxf3 36. Rf2 $132) 33. Rce2 $6 (33. Bxc4 Qe4+ 34. Kg1 Rxc4 $15) 33... Qd3
(33... Rcxf5 $1 34. Rxe3 Rxf2+ 35. Kh3 (35. Kh1 Rf1+ 36. Kg2 Nxe3+ 37. Kh3 R8f4
$1 $19) 35... g4+ $1 (35... Nxe3 $2 36. Qd4+ $18 {[%cal Rd4g7,Rd4e3]}) 36. Kxg4
Nxe3+ 37. Kh3 R8f5 $17) 34. Re7+ $132 (34. Bxc4 Rxc4 35. Qb5 $132) 34... Rf7 (
34... Kh8) 35. f6+ Kg8 36. Be8 $2 (36. Kg1 $132) 36... Rxe7 37. fxe7 Qe4+ $6 (
37... Ne3+ $1 38. Kh3 g4+ 39. Kh4 Nf5+ 40. Rxf5 Qxf5 41. Qf4 (41. Qxg4+ Qxg4+
42. Kxg4 Re5 $19) 41... Qg5+ 42. Qxg5+ hxg5+ 43. Kxg4 Re5 $19) 38. Kg1 Qe1+ 39.
Rf1 (39. Kg2 Ne3+ $19 {[%csl Rg2]}) 39... Qe3+ 40. Rf2 Qe1+ 41. Rf1 Qxe7 $5 {
Schwarz gibt sich nicht mit Remis durch Zugwiederholung zufrieden, sondern
gibt seine Q für R+N.} 42. Bf7+ Qxf7 (42... Kg7 $2 43. Bxc4 Qe3+ 44. Rf2 Rf5
45. Qb2 $18) 43. Rxf7 Kxf7 $15 {[%mdl 4096] Schwarz hat R+N+P für die Q. Zudem
besitzt er - wie in der ganzen Partie - die bessere Bauernstruktur. Es ist
klar, dass Schwarz dieses Endspiel nicht verlieren kann, denn er hat keine
Schwächen in seiner Stellung. Andererseits aber ist der Gewinn keineswegs
leicht, weil die Anwesenheit der Dame Weiß immer Rettungschancen lässt.} 44. g4
{Weiß verteidigt sich gegen schwarzen Raumgewinn am Königsflügel.} Ne5 45. h3
Kg7 46. Qb3 Rc4 (46... d5 $15) 47. a4 {Weiß möchte nach Möglichkeit seinen
a-Bauern abtauschen.} Rf4 (47... Rc5) 48. Qb5 Rc4 (48... Rf3 {[%cal Rf3c3,
Rf3h3]} 49. a5 bxa5 50. Qxa5 Rf7 51. Kg2 $15) 49. Qb3 Kf6 50. Kg2 Re4 51. Qb5 {
[%cal Gb5e8] Weiß möchte entweder 52.Qe8 oder 52.a5 ziehen.} Rc4 52. a5 {
Endlich kommt Weiß zum Abtausch eines seiner schlechten Bauern.} bxa5 (52...
Rc5 $6 53. Qf1+) 53. Qxa5 Ke6 54. Qa2 {[%cal Ga2e6]} Ke7 55. Qc2 {Die weiße
Dame steht aktiv - es droht das Eindringen der Dame nach h7.} Rf4 56. Qh7+ Nf7
57. Qd3 Ke6 58. Qb5 {[%cal Gb5e8]} Ne5 59. Qe8+ Kd5 60. Qg8+ Nf7 (60... Ke4 61.
Qg7 {[%cal Rg7c7,Rg7h6]} Nf7 $4 62. Qd4#) 61. Qa8+ c6 62. Qb7 (62. Qa2+ $5 Ke5
(62... Rc4) 63. Kg3) 62... Ne5 63. Qh7 Nf7 64. Qd3+ Kc5 65. Qa6 Ne5 {Weiß ist
immer kurz vor dem Dauerschach, aber Schwarz findet stets noch ein Schlupfloch
für seinen König.} 66. Qa5+ Kc4 67. Qa2+ (67. Qb4+ $5 Kd5 68. Qa5+ Ke6 69. Qd8)
67... Kd3 68. Qe6 Nf7 69. Qb3 (69. c4) 69... c5 70. c4+ Kd4 71. Qc2 Ne5 {
[%csl Rc4]} 72. Qd1+ Nd3 (72... Kxc4 $6 73. Qxd6 $15) 73. Qa1+ Ke3 (73... Kxc4
74. Qa6+ Kc3 75. Qxd6) 74. Qg7 Ne1+ $17 {Der weiße König befindet sich in
großer Not - die schwarzen Figuren entfalten ihr Maximum an Aktivität.} 75. Kg1
(75. Kh2 $2 Rf2+ 76. Kh1 Rf1+ 77. Kh2 Nf3+ $19) 75... Nf3+ 76. Kg2 (76. Kh1
Rxc4 $19) 76... Nh4+ 77. Kg1 Rd4 (77... Rxc4 $6 78. Qe7+ {[%cal Re7d6,Re7e3]})
78. Qe7+ (78. Qxh6 Rd1+ 79. Kh2 Nf3+ $19) 78... Kf3 79. Qe1 Rd3 80. Qf2+ Ke4
81. Qe1+ Kf4 (81... Kd4 82. Qe6) 82. Qc1+ Ke5 83. Qe1+ Kf4 84. Qc1+ Ke4 85.
Qe1+ Re3 (85... Kf4 $2 {Nach diesem Zug hätte Weiß die dreimalige
Stellungswiederholung reklamieren können (s. der 81. und 83. Zug von Schwarz).}
) 86. Qb1+ Kd4 87. Qd1+ Rd3 (87... Kxc4 88. Qxd6) 88. Qa1+ Kxc4 $19 {Alles in
der schwarzen Stellung ist verteidigt. Nun hat er auch noch einen weiteren
Bauern gewonnen. Weiß hat zwar viele Schachs, aber kein ewiges Schach.} 89.
Qa6+ Kc3 90. Qa1+ Kd2 91. Qb2+ Ke3 92. Qf2+ Ke4 93. Qe2+ (93. Qe1+ Kd5 $19)
93... Re3 (93... Kd4 $1 $19 {Siehe 97...Kd4.}) 94. Qc2+ Ke5 95. Qb2+ Ke4 96.
Qc2+ Rd3 97. Qe2+ Kd4 98. Qb2+ Kd5 99. Qb7+ (99. Qa2+ c4 $19) 99... Ke5 100.
Qe7+ (100. Qg7+ Kf4 101. Qf6+) 100... Kf4 101. Qf6+ Ke4 (101... Kg3 $4 102.
Qf2+ Kxh3 103. Qf1+ {[%cal Rf1d3,Rf1h3]}) 102. Qe6+ Kf3 103. Qf6+ Ke2 {Das ist
der Unterschied - früher stand der schwarze König auf d2, daher konnte Schwarz
nach 91.Qb2+ nicht 91...Rd2 spielen.} 104. Qb2+ Rd2 105. Qb5+ Ke3 106. Qb3+ Kf4
{Weiß ist verloren - er gab in hoffnungsloser Stellung auf. Der Turm steht
ausgezeichnet auf d2, nun droht das Mattmotiv mit Nf3+.} (106... Kf4 107. Qf7+
Kg3 $19) 0-1

[Event "EU-Cup 09th Group6"]
[Site "Clichy"]
[Date "1993.09.17"]
[Round "1"]
[White "Santos, Luis M"]
[Black "Schlosser, Philipp"]
[Result "0-1"]
[WhiteElo "2385"]
[BlackElo "2550"]
[Annotator "Ribli,Z"]
[PlyCount "46"]
[EventDate "1993.09.17"]
[EventType "team-k.o."]
[EventRounds "3"]
[EventCountry "FRA"]
[SourceTitle "EXT 2020"]
[Source "ChessBase"]
[SourceDate "2019.10.17"]
[SourceVersion "1"]
[SourceVersionDate "2019.10.17"]
[SourceQuality "1"]
[WhiteTeam "Lisbon TLP"]
[BlackTeam "Muenchen Bayern"]
[WhiteTeamCountry "POR"]
[BlackTeamCountry "GER"]

1. c4 e5 2. Nc3 Nf6 3. Nf3 Nc6 4. a3 g6 5. b4 (5. g3 {Chernin,A-Lutz,C/
Altensteig/1991/CBM25/INF52,31/}) (5. e3 $5 {Franco,Z-Garcia Palermo,C/Leon/
1990/CBM20/}) 5... d6 6. Bb2 Bg7 7. e3 O-O 8. b5 (8. d3 $5) 8... Ne7 $1 (8...
Nb8 $6 {Vaganian,R-Eingorn,V/USSR-ch/1989/INF48,22/}) 9. Be2 $6 (9. d3 $5) 9...
e4 10. Nd4 c5 11. Nb3 $6 (11. bxc6 bxc6 12. d3 $13) 11... b6 12. Qc2 Bb7 13.
O-O Nf5 14. a4 $6 (14. d3 $5) 14... Nh4 15. a5 Rb8 16. Rfd1 Nf3+ $1 17. gxf3
exf3 18. Bf1 Ng4 19. d4 (19. h3 Nxf2 20. Kxf2 Qh4+ 21. Kg1 Qg3+ 22. Kh1 f2+ 23.
Nd5 Qg1#) 19... Qg5 20. Qd2 cxd4 (20... Ne5+ $1 21. Kh1 Qg2+ $1 22. Bxg2 fxg2+
23. Kg1 Nf3+ 24. Kxg2 Nxd2+ 25. Kg1 Nxb3 $19) 21. exd4 Qh4 22. h3 Bh6 23. Qc2
$2 (23. hxg4 Bxd2 24. Nxd2 Rfe8 $36) 23... Nxf2 $1 (23... Nxf2 24. Qxf2 Be3 25.
Qxe3 Qg3+ 26. Kh1 f2+ 27. d5 Qg1#) 0-1